00793cam a2200253 a 45000010009000000050017000090080041000260100017000670200018000840200015001020400018001170410008001350420008001430800012001510820012001631000006001751010008001812450105001895040060002949060045003549420012003999990017004119520111004281617763720180314045343.0100408s2011 nyua b 001 0 eng  a 2010926418 a9781435480339 a1435480333 aDLCcDLCdDLC aeng apcc a615 WOO a615 WOO1 a5 aFAR10aEssentials of pharmacology for health occupations /cRuth Woodrow, Bruce J. Colbert, David M. Smith. aIncludes bibliographical references (p. 530) and index. a7bcbccorigcopd3eepcnf20gy-gencatlg 2ddccBK c44959d44959 00102udc40708PËKGa002b002cPËKGd2018-03-14l0o615 WOOp002-3001762r2018-03-14w2018-03-14yBK